All big schemes should be mixed-use (Record no. 74397)
[ view plain ]
| 000 -LEADER | |
|---|---|
| fixed length control field | 01255cab a2200217 4500 |
| 001 - CONTROL NUMBER | |
| control field | WB@3612-614 |
| 008 - FIXED-LENGTH DATA ELEMENTS--GENERAL INFORMATION | |
| fixed length control field | 040513n2004 000 0 eng u |
| 035 ## - SYSTEM CONTROL NUMBER | |
| System control number | (Sirsi) u126197 |
| 245 ## - TITLE STATEMENT | |
| Title | All big schemes should be mixed-use |
| 260 ## - PUBLICATION, DISTRIBUTION, ETC. | |
| Date of publication, distribution, etc. | 2004 |
| 490 ## - SERIES STATEMENT | |
| Series statement | RICS Planning and Development Faculty News |
| Volume/sequential designation | 12 May 2004 (1) |
| 520 ## - SUMMARY, ETC. | |
| Summary, etc. | According to Sir John Egan's latest report, commissioned by ODPM, single-use development should be banned with greater emphasis on mixed-use schemes. Local authorities should also have greater freedom in order to show that they can deliver sustainable communities with a reward scheme for successful authorities. The "Egan review of skills" is available on the ODPM website, http://www.odpm.gov.uk/stellent/groups/odpm_contro l/documents/contentservertemplate/odpm_index.hcst? n=3933&l=2. http://www.rics.org/ricscms/bin/show?class=News&te mplate=/includes/shownews.html&id=8923&faculty=Pla nning%20and%20Development&faculty=All%20Faculties |
| 590 ## - LOCAL NOTE (RLIN) | |
| Local note | WB |
| 590 ## - LOCAL NOTE (RLIN) | |
| Local note | WB |
| 650 ## - SUBJECT ADDED ENTRY--TOPICAL TERM | |
| Topical term or geographic name entry element | SUSTAINABLE DEVELOPMENT |
| 650 ## - SUBJECT ADDED ENTRY--TOPICAL TERM | |
| Topical term or geographic name entry element | MIXED-USE DEVELOPMENTS |
| 650 ## - SUBJECT ADDED ENTRY--TOPICAL TERM | |
| Topical term or geographic name entry element | LOCAL AUTHORITIES |
| 650 ## - SUBJECT ADDED ENTRY--TOPICAL TERM | |
| Topical term or geographic name entry element | SUSTAINABLE COMMUNITIES |
| 690 ## - LOCAL SUBJECT ADDED ENTRY--TOPICAL TERM (OCLC, RLIN) | |
| Topical term or geographic name as entry element | ENVIRONMENTAL AND LAND CONSULTANCY-PLANNING AND DEVELOPMENT |
| 942 ## - ADDED ENTRY ELEMENTS (KOHA) | |
| Suppress in OPAC | 0 |
| Withdrawn status | Lost status | Source of classification or shelving scheme | Damaged status | Not for loan | Home library | Current library | Shelving location | Date acquired | Total Checkouts | Full call number | Barcode | Date last seen | Copy number | Price effective from | Koha item type |
|---|---|---|---|---|---|---|---|---|---|---|---|---|---|---|---|
| Other/Generic Classification Scheme | London | London | News article | 13/05/2004 | WB@3612-614 | 126197-1001 | 06/08/2019 | 1 | 06/08/2019 | News article |